00643nam a2200229 a 4500001001300000003000900013005001700022008004100039020001000080082001600090100002300106245003700129260004000166300000900206500003500215505001000250650002700260902000800287942000700295952009600302999001500398nice12345678IN_TiNIC20260116012412.0050524s1926 lona grp 000 0 eng  ac10000a248.22bARS aArseniew, Nicholas aMysticism and the Eastern Church aLondonbEdinburgh House Pressc1926 a172p aincludes index and biblioraphy2 aNotes aMysticism-Christianity bSRS cBK 00104070aHMIbHMId2007-07-06g100.00l0o248.22 ARSp11589r2007-07-06w2026-01-16yEB c6880d6880